كيف تقرأ الهيروغليفية المصرية القديمة : دليل لتعلم نفسك خطوة بخطوة / Kayfa taqraʼ al-hīrūġlīfīyyaẗ al-miṣriyyaẗ al-qadīmaẗ : dalīl li-taʻallum nafsak h̲uṭwaẗ bi-h̲uṭwaẗ

محفوظ في:

المؤلف الرئيسي: Mark Anthony Collier.

مؤلفون آخرون: Bill Manley.

التنسيق: كتاب

اللغة: Undetermined

منشور في: al-Iskandarīyah : Alexandria Library, 2007.

سلاسل: Dirāsāt fī al-h̲uṭūṭ., 5

الموضوعات:

الوسوم: إضافة وسم

لا توجد وسوم, كن أول من يضع وسما على هذه التسجيلة!

رقم الطلب: PJ1097 .C6512

LEADER 00851nam a2200181Ia 4500
008 240329s9999||||xx |||||||||||||| ||und||
020 |a 9789774521058  
050 4 |a PJ1097 .C6512 
100 1 |a Mark Anthony Collier. 
245 1 0 |a كيف تقرأ الهيروغليفية المصرية القديمة : دليل لتعلم نفسك خطوة بخطوة / Kayfa taqraʼ al-hīrūġlīfīyyaẗ al-miṣriyyaẗ al-qadīmaẗ : dalīl li-taʻallum nafsak h̲uṭwaẗ bi-h̲uṭwaẗ   |c Mark Anthony Collier 
264 1 |a al-Iskandarīyah :  |b Alexandria Library,  |c 2007. 
300 |a 176 P  |c 24 cm 
490 0 |a Dirāsāt fī al-h̲uṭūṭ., 5  
500 |a Contient des caractères hiéroglyphiques  
650 |a Égyptien ancien (langue) Écriture hiéroglyphique Guides pratiques et mémentos  
700 1 |a Bill Manley. 
942 |2 lcc  |c BK 
999 |c 57730  |d 57730